header

Human Biology (Record no. 258503)

MARC details
000 -LEADER
fixed length control field 00405nam a22001817a 4500
003 - CONTROL NUMBER IDENTIFIER
control field OSt
005 - DATE AND TIME OF LATEST TRANSACTION
control field 20200616123647.0
008 - FIXED-LENGTH DATA ELEMENTS--GENERAL INFORMATION
fixed length control field 200616b xxu||||| |||| 00| 0 eng d
010 ## - LIBRARY OF CONGRESS CONTROL NUMBER
LC control number 2002110971
020 ## - INTERNATIONAL STANDARD BOOK NUMBER
International Standard Book Number 0534387977
040 ## - CATALOGING SOURCE
Transcribing agency n/a
050 ## - LIBRARY OF CONGRESS CALL NUMBER
Classification number QH311.S73 2003
100 ## - MAIN ENTRY--PERSONAL NAME
Personal name Cecie Starr & Beverly McMillan
245 ## - TITLE STATEMENT
Title Human Biology
250 ## - EDITION STATEMENT
Edition statement 5th ed
260 ## - PUBLICATION, DISTRIBUTION, ETC. (IMPRINT)
Date of publication, distribution, etc 2003
942 ## - ADDED ENTRY ELEMENTS (KOHA)
Source of classification or shelving scheme Library of Congress Classification
Koha item type Long Loan Books
Holdings
Withdrawn status Lost status Source of classification or shelving scheme Damaged status Not for loan Collection code Home library Current library Shelving location Date acquired Total Checkouts Full call number Barcode Date last seen Price effective from Koha item type
    Library of Congress Classification     Non-fiction Rongo University Library Rongo University Library General Stacks 16/06/2020   QH311.S73 2003 201616112 16/06/2020 16/06/2020 Long Loan Books

© 2026 Rongo University
Contact us: librarian | system librarian | Rongo university